000 00258nam a22001217a 4500
008 171221b xxu||||| |||| 00| 0 eng d
041 _aeng
080 _a37
100 _a46
101 _aEDU
245 _aLF ADVOCACY STRATEGY
_cBOS.C.S
942 _2udc
_cBK
999 _c39291
_d39291